Konateľ spoločnosti s ručením obmedzeným

Salvato in:
Dettagli Bibliografici
Autore principale: Pristaš, Jozef
Natura: Libro
Lingua:slovacco
Pubblicazione: Bratislava STU FCHPT 2009
Accesso online:Visualizza in OPAC
Tags: Aggiungi Tag
Nessun Tag, puoi essere il primo ad aggiungerne!!

MARC

LEADER 00000nam a2200000 a 4500
005 20260127134127.0
008 090904 2009 xo 000 0 slo d
035 |a vtls009946913 
039 9 |y 200909041159  |z mschk03 
040 |a STUSCHK1  |b slo  |c STUSCHK1  |e AACR2 
100 1 |a Pristaš, Jozef 
245 1 |a Konateľ spoločnosti s ručením obmedzeným  |c Jozef Pristaš 
260 |a Bratislava  |b STU FCHPT  |c 2009 
300 |a 42 s.  |b il.  |c 30 cm 
500 |a Obháj.: 27.8. 2009 
500 |a Študijný program: automatizácia, informatizácia a manažment v chémii a potravinárstve 
500 |a Bakalárska práca 
500 |a Ústav manažmentu STU Bratislava, detašované pracovisko Humenné 
500 |a Kombinácia študijných odborov: 5.2.14 automatizácia, 5.2.52 priemyselné inžinierstvo 
910 |a SCHK95 
999 |c 4695  |d 4695